Normal view MARC view
  • Error-correcting codes (Information theory)

Entry Topical Term

Number of records used in: 4

001 - CONTROL NUMBER

  • control field: 36907

003 - CONTROL NUMBER IDENTIFIER

  • control field: OSt

005 - DATE AND TIME OF LATEST TRANSACTION

  • control field: 20141214141124.0

008 - FIXED-LENGTH DATA ELEMENTS

  • fixed length control field: 141214|| aca||babn | a|a d

040 ## - CATALOGING SOURCE

  • Original cataloging agency: OSt

150 ## - HEADING--TOPICAL TERM

  • Topical term or geographic name as entry element: Error-correcting codes (Information theory)

450 ## - SEE FROM TRACING--TOPICAL TERM

  • Topical term or geographic name entry element: Codes, Error-correcting (Information theory)

450 ## - SEE FROM TRACING--TOPICAL TERM

  • Topical term or geographic name entry element: Error-detecting codes (Information theory)

450 ## - SEE FROM TRACING--TOPICAL TERM

  • Topical term or geographic name entry element: Forbidden-combination check (Information theory)

450 ## - SEE FROM TRACING--TOPICAL TERM

  • Topical term or geographic name entry element: Self-checking codes (Information theory)

550 ## - SEE ALSO FROM TRACING--TOPICAL TERM

  • Topical term or geographic name entry element: Artificial intelligence

550 ## - SEE ALSO FROM TRACING--TOPICAL TERM

  • Topical term or geographic name entry element: Automatic control

550 ## - SEE ALSO FROM TRACING--TOPICAL TERM

  • Topical term or geographic name entry element: Coding theory

550 ## - SEE ALSO FROM TRACING--TOPICAL TERM

  • Topical term or geographic name entry element: Information theory